000 00441nam a22001817a 4500
003 LK-CoMWRAF
005 20231014171949.0
008 231014b |||||||| |||| 00| 0 eng d
040 _aLK-CoMWRAF
_dLK-CoMWRAF
_eLK-CoMWRAF
041 _aeng
082 _a822
_bSHA
100 _aShaw, Bernard
245 _aThree plays for puritans
260 _aLondon :
_bPenguin,
_c2006.
300 _a386p
650 _aEnglish--Drama
942 _cBK
999 _c3861
_d3861